Mineral nutrition of plants: principles and perspectives
Đã lưu trong:
| Príomhúdar: | |
|---|---|
| Formáid: | Leabhar |
| Teanga: | Undetermined |
| Foilsithe: |
New York
John Wiley and Sons, Inc
1972
|
| Ábhair: | |
| Clibeanna: |
Cuir Clib Leis
Gan Chlibeanna, Bí ar an gcéad duine leis an taifead seo a chlibeáil!
|
| Thư viện lưu trữ: | Trung tâm Học liệu Trường Đại học Cần Thơ |
|---|
| LEADER | 00514nam a2200181Ia 4500 | ||
|---|---|---|---|
| 001 | CTU_29964 | ||
| 008 | 210402s9999 xx 000 0 und d | ||
| 082 | |a 581 | ||
| 082 | |b E63 | ||
| 100 | |a Emanuel Epstein | ||
| 245 | 0 | |a Mineral nutrition of plants: principles and perspectives | |
| 245 | 0 | |c Emanuel Epstein | |
| 260 | |a New York | ||
| 260 | |b John Wiley and Sons, Inc | ||
| 260 | |c 1972 | ||
| 650 | |a plants - nutrition | ||
| 904 | |i Liên, 990119 | ||
| 980 | |a Trung tâm Học liệu Trường Đại học Cần Thơ | ||